[Event "AUTO-ELITE-1401"]
[Site "http://www.queenalice.com/game.php?id=1340572"]
[Date "2015.2.10"]
[Round "2"]
[White "PhiVer"]
[Black "RIVAS"]
[Result "1-0"]
[WhiteElo "2711"]
[BlackElo "2355"]

1. e4 e5 2. Nf3 Nc6 3. Bb5 a6 4. Ba4 b5 5. Bb3 Bb7 6. O-O Bc5 7. c3 Qf6 8. d4
exd4 9. e5 Qg6 10. Bd5 dxc3 11. Nxc3 Be7 12. Be4 Qe6 13. Nd5 O-O-O 14. Re1 Nh6
15. Qc2 Rde8 16. Nd4 Qxe5 17. Nxc6 Bxc6 18. Bf4 Qd4 19. Nxc7 Ng4 20. Nxe8 Rxe8
21. Bxc6 Qxf4 22. Bf3+ Kb8 23. Bxg4 Qxg4 24. Rac1 1-0

[Event "AUTO-ELITE-1401"]
[Site "http://www.queenalice.com/game.php?id=1340573"]
[Date "2015.2.10"]
[Round "2"]
[White "RIVAS"]
[Black "PhiVer"]
[Result "0-1"]
[WhiteElo "2327"]
[BlackElo "2718"]

1. e4 c5 2. Nc3 Nc6 3. d3 e6 4. g3 g6 5. Bg2 Bg7 6. Nge2 Nge7 7. Be3 Nd4 8. O-O
O-O 9. f4 d6 10. Qd2 Nec6 11. Rfe1 Qa5 12. a3 Bd7 13. h3 Rab8 14. Rab1 b5 15.
Kh2 b4 16. axb4 Nxb4 17. Ra1 Qc7 18. Rac1 Rfc8 19. Bg1 a5 20. b3 Qb6 21. Nxd4
cxd4 22. Ne2 e5 23. c4 Na6 24. Ra1 Qxb3 25. Qxa5 Nc5 26. Nc1 Qb7 27. Qd2 Ra8 28.
Rxa8 Qxa8 29. Rf1 Qa3 30. f5 Rb8 31. fxg6 hxg6 32. Qg5 Nxd3 33. Nxd3 Qxd3 34.
Qe7 Be6 35. Qxd6 Rb2 36. Rf2 Rxf2 37. Bxf2 Qd2 38. Kg1 Bxc4 39. Qc7 Qc1+ 40. Kh2
d3 41. Qd8+ Kh7 0-1

[Event "AUTO-ELITE-1401"]
[Site "http://www.queenalice.com/game.php?id=1340574"]
[Date "2015.2.10"]
[Round "2"]
[White "PhiVer"]
[Black "ClivetheBeard"]
[Result "1-0"]
[WhiteElo "2716"]
[BlackElo "2395"]

1. e4 Nc6 2. d4 e5 3. d5 Nce7 4. Nc3 Ng6 5. Be3 Bb4 6. Ne2 d6 7. Qd3 Bd7 8.
O-O-O Ba5 9. Kb1 Bb6 10. Bxb6 axb6 11. g3 Nh6 12. f3 f5 13. exf5 Bxf5 14. Qe3
O-O 15. h4 Bd7 16. h5 Ne7 17. g4 Ra5 18. Ng3 Rf4 19. Nge4 Qa8 20. a3 Qf8 21. Be2
b5 22. Nc5 Nef5 23. gxf5 dxc5 24. Qxe5 Qd6 25. Qxd6 cxd6 26. f6 gxf6 27. Ne4 Nf7
28. Rdg1+ Kf8 29. h6 Bf5 30. Nxf6 Bxc2+ 31. Kxc2 Rxf6 32. Rg7 Rg6 33. Rxh7 Rg2
34. Kd1 Ra8 35. Bd3 b4 36. Rh4 Kg8 37. Rg4+ Rxg4 38. fxg4 bxa3 39. bxa3 Rxa3 40.
Bg6 Ne5 41. Rg7+ Kf8 42. Bh5 b5 43. Rb7 Kg8 44. g5 b4 45. g6 Ra8 46. Kc2 Kh8 47.
Rh7+ Kg8 48. Re7 Rd8 49. Rxe5 dxe5 50. Bg4 e4 51. Be6+ Kh8 52. d6 1-0

[Event "AUTO-ELITE-1401"]
[Site "http://www.queenalice.com/game.php?id=1340575"]
[Date "2015.2.10"]
[Round "2"]
[White "ClivetheBeard"]
[Black "PhiVer"]
[Result "0-1"]
[WhiteElo "2397"]
[BlackElo "2714"]

1. d4 Nf6 2. Nc3 d5 3. e3 Bf5 4. Bd3 Bg6 5. Nf3 e6 6. Qe2 Nc6 7. O-O a6 8. b3
Bd6 9. Bb2 Bh5 10. h3 g5 11. g4 Nxg4 12. hxg4 Bxg4 13. Nb1 Qf6 14. Nbd2 Qh6 15.
Rfc1 Qh5 16. c4 f5 17. Qd1 f4 18. e4 Bb4 19. Bc3 Nxd4 20. Be2 Nxe2+ 21. Qxe2
Bxc3 22. Rxc3 d4 23. Rd3 O-O-O 24. Qd1 e5 25. c5 Rhg8 26. Nc4 Rde8 27. Kf1 Bxf3
28. Qxf3 g4 29. Qg2 f3 30. Qg1 Qh3+ 31. Ke1 g3 32. Rxf3 gxf2+ 33. Qxf2 Qh1+ 34.
Qf1 Rg1 35. Kd2 Rxf1 36. Raxf1 Qg2+ 37. R1f2 Qg5+ 38. Kc2 h5 39. Rf7 Qg4 40. Kd3
h4 41. Rf8 Kd8 42. Rxe8+ Kxe8 43. Rf5 Qxf5 44. exf5 h3 45. Nxe5 h2 46. Kxd4 h1=Q
0-1

[Event "AUTO-ELITE-1348"]
[Site "http://www.queenalice.com/game.php?id=1344612"]
[Date "2015.2.28"]
[Round "2"]
[White "Sexxy_Bunny"]
[Black "PhiVer"]
[Result "1/2-1/2"]
[WhiteElo "2636"]
[BlackElo "2729"]

1. e4 c5 2. Nf3 Nc6 3. d4 cxd4 4. Nxd4 Nf6 5. Nc3 e5 6. Ndb5 d6 7. Bg5 a6 8. Na3
b5 9. Nd5 Be7 10. Bxf6 Bxf6 11. c3 O-O 12. Nc2 Rb8 13. h4 Be7 14. Nce3 Be6 15.
Qf3 Qd7 16. Rd1 Bd8 17. Be2 Ne7 18. h5 h6 19. O-O Qc8 20. Nxe7+ Bxe7 21. Nf5 Qd7
22. Rd3 Rfc8 23. Rfd1 Rc6 24. a3 Qc7 25. Nxe7+ Qxe7 26. Qg3 a5 27. Bg4 Bb3 28.
Re1 Qg5 29. Bd7 Qxg3 30. Rxg3 Rc7 31. Bh3 Kf8 32. Rd3 Rb6 33. f3 Ke7 34. Ra1 Kf6
35. Kf2 Kg5 36. Bg4 Bc2 37. Re3 b4 38. axb4 axb4 39. Kg3 bxc3 40. Rxc3 Rxc3 41.
bxc3 Rc6 42. Ra7 Kf6 43. Rd7 Bb3 44. Rd8 Bc4 45. Bc8 Ke7 46. Rg8 Rc5 47. Bb7 Be6
48. Kh4 Kf6 49. Rd8 Rb5 50. Bc6 Rb2 51. Rxd6 Rxg2 52. Bd5 Rh2+ 53. Kg3 Rxh5 54.
Bxe6 fxe6 55. Kg2 Rg5+ 56. Kf2 Rg6 57. c4 Ke7 58. c5 Rf6 59. Rc6 Rf7 60. Rc7+
Kf6 61. Rc8 Rd7 62. c6 Ra7 63. c7 Kg5 64. Ke3 h5 65. Ke2 h4 66. Ke3 h3 67. Rh8
Rxc7 68. Rxh3 Rc1 69. Kf2 Ra1 70. Rh8 Ra2+ 71. Kg3 Rb2 72. Re8 Kf6 73. Rf8+ Kg6
74. Kg4 Ra2 75. Rc8 Rg2+ 76. Kh3 Rb2 77. Ra8 Rc2 78. Ra6 Kf6 79. Rb6 Ra2 80. Kg3
Rc2 81. Ra6 Rb2 82. Ra8 Rc2 83. Kg4 Rg2+ 84. Kh3 Rb2 85. Kg4 Rg2+ 86. Kh3 Rb2
87. Rc8 Rd2 88. Rc6 Rb2 89. Kg3 Ra2 90. Rb6 Rc2 91. Ra6 Rb2 92. Ra8 Rc2 93. Rf8+
Ke7 94. Ra8 Kf6 1/2-1/2

[Event "AUTO-ELITE-1348"]
[Site "http://www.queenalice.com/game.php?id=1344613"]
[Date "2015.2.28"]
[Round "2"]
[White "PhiVer"]
[Black "Sexxy_Bunny"]
[Result "1-0"]
[WhiteElo "2713"]
[BlackElo "2704"]

1. e4 c5 2. Nf3 d6 3. d4 cxd4 4. Nxd4 Nf6 5. Nc3 a6 6. Be3 e5 7. Nb3 Be6 8. f3
h5 9. Nd5 Bxd5 10. exd5 Nbd7 11. Qd2 Qc7 12. c4 a5 13. a4 b6 14. h3 g6 15. Bd3
Bg7 16. O-O O-O 17. Rae1 Rab8 18. Nc1 Nc5 19. Bc2 Na6 20. b3 Nb4 21. Bb1 Rfe8
22. Qf2 Nd7 23. g4 hxg4 24. hxg4 Qd8 25. Qg3 Nc5 26. Re2 e4 27. Rh2 exf3 28.
Qxf3 Qe7 29. Bg5 Qf8 30. Qh3 Bd4+ 31. Kg2 Qg7 32. Bh6 Qh7 33. Qf3 Nd7 34. Ne2
Be5 35. Rh3 Nc5 36. Bf8 Rxf8 37. Rxh7 Kxh7 38. g5 Kg8 39. Qh3 Rfd8 40. Nf4 Rb7
41. Rh1 Kf8 42. Bxg6 Ke8 43. Bf5 Ke7 44. Re1 Rg8 45. Qh4 Nbd3 46. Nxd3 Nxd3 47.
Bxd3 Kf8 48. Qh6+ Rg7 49. Rxe5 dxe5 50. Qf6 Rg8 51. Bh7 Rd7 52. Bxg8 Kxg8 53.
Qxe5 Rb7 54. d6 b5 55. d7 Rxd7 56. Qe8+ Kg7 57. Qxd7 bxc4 58. bxc4 Kg6 59. Qe7
Kf5 60. Kf3 Kg6 61. Kg4 Kg7 62. Kh5 1-0

[Event "AUTO-ELITE-1491"]
[Site "http://www.queenalice.com/game.php?id=1356927"]
[Date "2015.5.2"]
[Round "1"]
[White "PhiVer"]
[Black "fred57"]
[Result "1/2-1/2"]
[WhiteElo "2713"]
[BlackElo "2703"]

1. e4 e6 2. d4 d5 3. e5 c5 4. c3 Nc6 5. Nf3 Bd7 6. Bd3 cxd4 7. cxd4 Qb6 8. O-O
Nxd4 9. Nbd2 Bc5 10. Nxd4 Bxd4 11. Nf3 Ne7 12. Nxd4 Qxd4 13. Re1 b6 14. Rb1 Nc6
15. Be3 Qxe5 16. Bd2 Qd6 17. b4 a6 18. a4 Ne7 19. b5 a5 20. Qg4 Ng6 21. h4 O-O
22. h5 Ne5 23. Bf4 Nxg4 24. Bxd6 h6 25. Rbc1 Nf6 26. f3 Ra7 27. Bxf8 Kxf8 28. g4
Ke7 29. Kf2 Kd6 30. Ke3 Rb7 31. Rg1 e5 32. g5 Nxh5 33. gxh6 gxh6 34. Rh1 Nf4 35.
Rxh6+ Ke7 36. Bb1 Be6 37. Rc6 Kd7 38. Rh7 1/2-1/2

[Event "AUTO-ELITE-1491"]
[Site "http://www.queenalice.com/game.php?id=1356928"]
[Date "2015.5.2"]
[Round "1"]
[White "fred57"]
[Black "PhiVer"]
[Result "0-1"]
[WhiteElo "2703"]
[BlackElo "2721"]

1. Nf3 c5 2. c4 Nc6 3. Nc3 e5 4. e3 Nf6 5. d4 e4 6. Ne5 g6 7. Rb1 Bg7 8. Nxc6
dxc6 9. dxc5 Qxd1+ 10. Kxd1 O-O 11. h3 Re8 12. Kc2 Nd7 13. b3 Nxc5 14. Ba3 Bf8
15. Be2 f5 16. Rbd1 a5 17. Bxc5 Bxc5 18. Na4 Bf8 19. Nb6 Rb8 20. Nxc8 Rbxc8 21.
Rd7 Bb4 22. Rhd1 Rb8 23. Kb2 Re7 24. R7d4 Bc5 25. R4d2 Kf7 26. g3 Ke6 27. h4 Ra8
28. a3 Rc8 29. Ka2 b6 30. Kb2 Rcc7 31. Rd8 Rcd7 32. a4 Rxd1 33. Rxd1 Bb4 34. Kc2
Ke5 35. Bf1 h6 36. Be2 g5 0-1

[Event "AUTO-ELITE-1491"]
[Site "http://www.queenalice.com/game.php?id=1356929"]
[Date "2015.5.2"]
[Round "1"]
[White "PhiVer"]
[Black "krodo"]
[Result "1-0"]
[WhiteElo "2712"]
[BlackElo "2559"]

1. e4 e5 2. Nf3 Nc6 3. Bb5 Nf6 4. O-O Nxe4 5. d4 a6 6. Ba4 exd4 7. Re1 d5 8. c4
Be6 9. cxd5 Qxd5 10. Bb3 Qf5 11. Bc2 Nxf2 12. Kxf2 Qh5 13. Be4 Bd6 14. Nbd2 O-O
15. Bxc6 bxc6 16. Ne4 c5 17. b4 Bd5 18. bxc5 Bxh2 19. Nxh2 Qxh2 20. Qf3 Qe5 21.
Bf4 Qe6 22. Bxc7 Rfe8 23. Ng5 Qxe1+ 24. Rxe1 Bxf3 25. Nxf3 g6 26. Rxe8+ Rxe8 27.
Nxd4 f5 28. c6 Kf7 29. Bd6 Rd8 30. c7 1-0

[Event "AUTO-ELITE-1491"]
[Site "http://www.queenalice.com/game.php?id=1356930"]
[Date "2015.5.2"]
[Round "1"]
[White "krodo"]
[Black "PhiVer"]
[Result "1/2-1/2"]
[WhiteElo "2556"]
[BlackElo "2717"]

1. e4 c5 2. Nf3 Nc6 3. Bb5 g6 4. O-O Bg7 5. d3 Nf6 6. Bxc6 bxc6 7. e5 Nd5 8.
Nbd2 O-O 9. Re1 d6 10. Ne4 h6 11. Rb1 Be6 12. c4 Nc7 13. Bf4 d5 14. Nxc5 dxc4
15. Qd2 Qd5 16. Nxe6 Nxe6 17. dxc4 Qxc4 18. Bxh6 Qxa2 19. Bg5 Rfd8 20. Qc1 Kf8
21. Be3 Qd5 22. b4 Kg8 23. Qc2 Qb5 24. h3 Rd5 25. Rec1 Bxe5 26. Nxe5 Rxe5 27.
Qxc6 Qxc6 28. Rxc6 Rb5 29. Ra6 Nc7 30. Rxa7 Rxa7 31. Bxa7 Na6 32. Be3 1/2-1/2

[Event "good training "]
[Site "http://www.queenalice.com/game.php?id=1366623"]
[Date "2015.6.20"]
[Round "1"]
[White "kasker"]
[Black "PhiVer"]
[Result "0-1"]
[WhiteElo "2500"]
[BlackElo "2728"]

1. e4 c5 2. Nf3 Nc6 3. d4 cxd4 4. Nxd4 Nf6 5. Nc3 e5 6. Ndb5 d6 7. Bg5 a6 8. Na3
b5 9. Nd5 Be7 10. Nxe7 Nxe7 11. Bxf6 gxf6 12. c4 Bb7 13. Bd3 f5 14. exf5 Rg8 15.
cxb5 Qa5+ 16. Qd2 Qxd2+ 17. Kxd2 Rxg2 18. Raf1 Rg4 19. Rhg1 Rd4 20. f3 d5 21.
Nc2 Rh4 22. Rf2 axb5 23. Bxb5+ Kf8 24. f6 Ng6 25. a4 Rf4 26. b4 Rxf6 27. a5 d4
28. Re1 Rf4 29. Bd3 f5 30. Ref1 Ke7 31. Bb5 Bd5 32. Be2 Rd8 33. Bd3 Kd6 34. Ba6
Rh4 35. Rg1 Nf4 36. Rg3 Nh3 37. Rf1 Rb8 38. Bd3 Nf4 39. Rf2 Nxd3 40. Kxd3 f4 41.
Rg1 Rh3 42. Rgf1 Rc8 43. Kd2 Rc3 44. a6 Rhxf3 45. Rxf3 Rxf3 46. Rxf3 Bxf3 47.
Kd3 Kc6 0-1

[Event "good training "]
[Site "http://www.queenalice.com/game.php?id=1366632"]
[Date "2015.6.20"]
[Round "2"]
[White "PhiVer"]
[Black "WeirdGoblin"]
[Result "1-0"]
[WhiteElo "2727"]
[BlackElo "2329"]

1. e4 c6 2. Nf3 d5 3. exd5 cxd5 4. Ne5 Nf6 5. d4 Nc6 6. c3 e6 7. f4 Be7 8. Bd3
g6 9. Nd2 Qc7 10. Qe2 a6 11. Ndf3 Bd7 12. O-O O-O 13. Re1 Na7 14. f5 Bb5 15.
fxe6 fxe6 16. Nxg6 hxg6 17. Qxe6+ Kh8 18. Bxg6 Bd6 19. Qh3+ Kg8 20. Bh6 Bd7 21.
Qh4 1-0

[Event "FIFA World Cup"]
[Site "http://www.queenalice.com/game.php?id=1374109"]
[Date "2015.7.29"]
[Round "3"]
[White "BRASILOV"]
[Black "PhiVer"]
[Result "1-0"]
[WhiteElo "2547"]
[BlackElo "2731"]

1. d4 Nf6 2. c4 c5 3. d5 b5 4. cxb5 a6 5. b6 d6 6. Nc3 Qxb6 7. e4 g6 8. Nf3 Bg7
9. Be2 Nbd7 10. O-O O-O 11. Qc2 Rb8 12. Rb1 Qc7 13. h3 Ne8 14. Be3 Ne5 15. Nd2
f5 16. f4 Nf7 17. Bc4 Nf6 18. b3 Qb7 19. Rbd1 Bd7 20. exf5 Bxf5 21. Nde4 Nd7 22.
Bd3 Nb6 23. g4 Bc8 24. Be2 Bd7 25. f5 gxf5 26. gxf5 Kh8 27. Kh1 Ne5 28. Ng5 Rf6
29. Qe4 Rg8 30. Nxh7 Kxh7 31. Qh4+ Bh6 32. Ne4 Nf7 33. Bf3 Rxf5 34. Bxh6 Nxh6
35. Rg1 Rxf3 36. Qxe7+ Nf7 37. Rxg8 Rxh3+ 38. Kg2 Kxg8 39. Nf6+ Kg7 40. Ne8+ Kg8
41. Rg1 Qc8 42. Kf1+ Bg4 43. Rxg4+ Qxg4 44. Nf6+ Kg7 45. Nxg4 Nxd5 46. Qb7 Rd3
47. Nf2 Rd4 48. Qxa6 Ne5 49. a4 Rd2 50. Qa7+ Kg6 51. Qa8 Ne3+ 52. Kg1 Kf7 53.
Qb7+ Ke6 54. a5 Ra2 55. Qc8+ Kd5 56. Qa8+ Ke6 57. b4 1-0

[Event "kasker-3"]
[Site "http://www.queenalice.com/game.php?id=1377689"]
[Date "2015.8.15"]
[Round "2"]
[White "PhiVer"]
[Black "Kuarwaki"]
[Result "1/2-1/2"]
[WhiteElo "2719"]
[BlackElo "2613"]

1. e4 e5 2. Nf3 Nc6 3. Bb5 a6 4. Ba4 Nf6 5. O-O Be7 6. Re1 b5 7. Bb3 d6 8. c3
O-O 9. h3 Na5 10. Bc2 c5 11. d4 cxd4 12. cxd4 Qc7 13. Nbd2 Nc6 14. Nb3 a5 15.
Be3 a4 16. Nbd2 Bd7 17. Rc1 Rac8 18. Bd3 Qb8 19. Qe2 Nb4 20. Bb1 Rc6 21. Nf1
Rfc8 22. Rc3 Rc4 23. Rd1 Nc6 24. Rcd3 exd4 25. Nxd4 Ne5 26. R3d2 g6 27. f4 Nc6
28. Ng3 Nxd4 29. Bxd4 Rc1 30. f5 Be8 31. Qe3 Nd7 32. Ne2 Rxd1+ 33. Rxd1 Ne5 34.
Nc3 Bc6 35. a3 Bf6 36. Ba2 Bg7 37. Kh1 Kh8 38. Nd5 Bxd5 39. Bxd5 Rc7 40. Bc3 Rc8
41. Rf1 Qc7 42. Qg5 Qd7 43. f6 Bf8 44. Rd1 Qe8 45. Kh2 Kg8 46. Rf1 Qd7 47. Qg3
Kh8 48. Rd1 h5 49. Ba2 Qe8 50. Rd5 Kh7 51. Kh1 Qc6 52. Qe3 Bh6 53. Qd4 Bf8 54.
Qa7 Kg8 55. Qe3 Nc4 56. Qg3 Kh8 57. Bxc4 Qxc4 58. Qd3 Qxd3 59. Rxd3 Kh7 60. g4
g5 61. Kg2 d5 62. exd5 Bd6 63. Kf3 hxg4+ 64. hxg4 Kg6 65. Bd4 Rc1 66. Ke4 Rc2
67. Re3 Bf4 68. Re1 Bc7 69. Kd3 Rg2 70. Be5 Bxe5 71. Rxe5 Kxf6 72. Re4 Rg1 73.
Kc3 1/2-1/2

[Event "FIFA World Cup"]
[Site "http://www.queenalice.com/game.php?id=1394272"]
[Date "2015.11.15"]
[Round "4"]
[White "PhiVer"]
[Black "rsgaspar"]
[Result "1/2-1/2"]
[WhiteElo "2717"]
[BlackElo "2536"]

1. e4 c5 2. Nf3 Nc6 3. d4 cxd4 4. Nxd4 e5 5. Nb5 d6 6. N1c3 a6 7. Na3 Be6 8. Nc4
b5 9. Ne3 Nf6 10. g3 h5 11. Bg2 h4 12. O-O h3 13. Bh1 Ne7 14. Qd3 Qb6 15. Rd1 b4
16. Ncd5 Nexd5 17. exd5 Bd7 18. a3 bxa3 19. Qxa3 Be7 20. Nc4 Qb8 21. Bg5 a5 22.
Nxa5 O-O 23. c4 Rc8 24. Qc3 Ne4 25. Bxe4 Bxg5 26. Qc2 Bg4 27. Rdb1 Qc7 28. Nc6
g6 29. b4 f5 30. Bh1 e4 31. Rxa8 Rxa8 32. b5 Qb6 33. c5 dxc5 34. d6 Kg7 35. Ne5
Bh5 36. Bxe4 fxe4 37. Qxe4 Rb8 38. Nc6 Rb7 39. Ne5 Rb8 40. Nc6 Rb7 41. Ne5 Rb8
1/2-1/2

[Event "EUROAMERICA"]
[Site "http://www.queenalice.com/game.php?id=1399005"]
[Date "2015.12.15"]
[Round "4"]
[White "PhiVer"]
[Black "LoveChess"]
[Result "1/2-1/2"]
[WhiteElo "2735"]
[BlackElo "2794"]

1. e4 c5 2. Nf3 d6 3. d4 cxd4 4. Nxd4 Nf6 5. Nc3 a6 6. Be3 e5 7. Nb3 Be6 8. f3
Nbd7 9. Qd2 h5 10. Nd5 Bxd5 11. exd5 g6 12. Be2 Bg7 13. O-O b6 14. c4 O-O 15.
Rae1 Re8 16. Kh1 Rc8 17. Qd1 a5 18. g3 Nc5 19. Bg5 Qd7 20. Nxc5 bxc5 21. Bd3 Rb8
22. Re2 a4 23. Ref2 Rb7 24. Bc2 Rb4 25. b3 axb3 26. axb3 Qh3 27. Rg2 Nh7 28. Bd2
Rb7 29. g4 hxg4 30. Rg3 Qh4 31. Rxg4 Qe7 32. f4 exf4 33. Bxf4 Ra8 34. Qf3 Ra1
35. Bb1 1/2-1/2

[Event "AUTO-ELITE-1491"]
[Site "http://www.queenalice.com/game.php?id=1403849"]
[Date "2016.1.12"]
[Round "2"]
[White "PhiVer"]
[Black "janeil"]
[Result "1-0"]
[WhiteElo "2729"]
[BlackElo "2640"]

1. e4 e5 2. Nf3 Nc6 3. Bb5 Nf6 4. O-O Nxe4 5. d4 Nd6 6. Bxc6 dxc6 7. dxe5 Nf5 8.
Qxd8+ Kxd8 9. Nc3 Ke8 10. Rd1 Be7 11. h3 Be6 12. Bg5 Bb4 13. Ne2 h6 14. Bd2 Bxd2
15. Rxd2 Rd8 16. Rxd8+ Kxd8 17. Nf4 g5 18. Nxe6+ fxe6 19. Rd1+ Kc8 20. b4 Rd8
21. Rxd8+ Kxd8 22. c4 c5 23. bxc5 Kd7 24. Kf1 Ne7 25. Ke2 Ng6 26. Ke3 Nf4 27. g3
Nxh3 28. Nd2 h5 29. Nf3 g4 30. Nd4 Ng5 31. c6+ bxc6 32. c5 Nh3 33. f4 gxf3 34.
Nxf3 Ke7 35. a4 1-0

[Event "AUTO-ELITE-1491"]
[Site "http://www.queenalice.com/game.php?id=1403850"]
[Date "2016.1.12"]
[Round "2"]
[White "janeil"]
[Black "PhiVer"]
[Result "0-1"]
[WhiteElo "2630"]
[BlackElo "2736"]

1. Nf3 c5 2. e4 Nc6 3. Bb5 g6 4. Bxc6 dxc6 5. d3 Bg7 6. h3 Nf6 7. Nc3 O-O 8. Be3
b6 9. Qd2 e5 10. Bh6 Qd6 11. Bxg7 Kxg7 12. O-O Re8 13. a4 a5 14. Rfe1 Nd7 15.
Qg5 Nf8 16. Nd1 Ne6 17. Qc1 f6 18. Ne3 Rd8 19. Nd2 Qc7 20. Nec4 Nd4 21. Ne3 Bd7
22. b3 Be8 23. Nec4 Bf7 24. Ne3 h5 25. Nec4 Ne6 26. Ne3 Nf4 27. h4 Ne6 28. g3 b5
29. Kg2 Rd7 30. Qb2 Rb8 31. Qc3 b4 32. Qb2 Nd4 33. Rf1 Be6 34. Rae1 Rg8 35. Qb1
f5 0-1

[Event "FIFA World Cup"]
[Site "http://www.queenalice.com/game.php?id=1429174"]
[Date "2016.6.25"]
[Round "5"]
[White "prego"]
[Black "PhiVer"]
[Result "1/2-1/2"]
[WhiteElo "2464"]
[BlackElo "2742"]

1. e4 c5 2. Nc3 Nc6 3. Nge2 Nf6 4. d4 cxd4 5. Nxd4 e5 6. Ndb5 d6 7. Bg5 a6 8.
Bxf6 gxf6 9. Na3 b5 10. Nd5 f5 11. Bd3 Be6 12. c3 Bg7 13. Nc2 O-O 14. Nce3 fxe4
15. Bxe4 f5 16. Bc2 f4 17. Qh5 Rf7 18. Bxh7+ Kf8 19. Bf5 Qe8 20. Bxe6 Qxe6 21.
Qg4 Qh6 22. O-O e4 23. Nf5 Qe6 24. Nfe3 1/2-1/2

[Event "good training "]
[Site "http://www.queenalice.com/game.php?id=1436274"]
[Date "2016.8.14"]
[Round "3"]
[White "artur59"]
[Black "PhiVer"]
[Result "0-1"]
[WhiteElo "2635"]
[BlackElo "2734"]

1. e4 c5 2. Nf3 Nc6 3. d4 cxd4 4. Nxd4 Nf6 5. Nc3 e5 6. Ndb5 d6 7. Bg5 a6 8. Na3
b5 9. Bxf6 gxf6 10. Nd5 f5 11. Bd3 Be6 12. O-O Bxd5 13. exd5 Ne7 14. Re1 Bg7 15.
c3 O-O 16. Qh5 e4 0-1

[Event "kasker-3"]
[Site "http://www.queenalice.com/game.php?id=1440477"]
[Date "2016.9.10"]
[Round "3"]
[White "patoche"]
[Black "PhiVer"]
[Result "1/2-1/2"]
[WhiteElo "2659"]
[BlackElo "2736"]

1. d4 Nf6 2. c4 g6 3. Nc3 d5 4. cxd5 Nxd5 5. e4 Nxc3 6. bxc3 Bg7 7. Be3 c5 8.
Nf3 Qa5 9. Nd2 Bd7 10. Rc1 cxd4 11. Nc4 Qa4 12. Qxa4 Bxa4 13. cxd4 O-O 14. Na3
Nd7 15. Bb5 Nb6 16. Ke2 Rfd8 17. e5 a6 18. Bxa4 Nxa4 19. Rc7 b5 20. Nb1 e6
1/2-1/2